000 00498nam a2200181Ia 4500
001 20462
005 20260306172808.0
008 260306t2007||||xx |||||||||||||| ||spa||
041 _aESP
082 _a343.211
_bO65
100 _aOrganización de los Estados Americanos
_eAUT
245 0 _aDocumentos básicos en materia de derechos humanos en el sistema interamericano
260 _c2007
300 _a251 páginas :
_c22 cm.
650 _aGEN
654 _aCDE
942 _cLIB
_dJUS
_fJUS
_2ddc
_n
999 _c20462
_d20462